=LDR 00000nam 2200000 4500 =001 001095 =005 20250713110819 =035 ##$$a 0010-0725000978 =007 ta =008 250713################a##########0#ind## =020 ##$$a 978-623-472-279-6 =082 ##$$a 398.209 598 =084 ##$$a 398.209 598 TRI f =100 #$$a Trinh, Nguyen Pham Tu =245 1#$$a Festival Kacang Hijau /$c Nguyen Pham Tu Trinh =250 ##$$a cetakan pertama =260 ##$$a jakarta :$b badan pengembangan dan pembinaan bahasa,$c 2022 =300 ##$$a 32 hlm. : $b ilus. ; $c 22,9 cm$e 398.209 598 =650 #4$$a cerita anak indonesia =856 ##$$a TBM AS SUHADA =990 ##$$a TBM202400777